00717 2200181 4500001002100000005001500021008004100036020001500077035001900092041000800111082001100119084001700130100003200147245006900179260003300248300003200281520022200313INLIS00000000000904220200508204629200508||||||||| | ||| |||| ||ind|| a9799662842 0010-0520009042 aind0 a333.73 a333.73/PRI/P0 aYazid bin Abdul Qadir Jawas00aPrinsip Dasar Islam : Menurut Al-Qur'an dan As-Sunnah yang Sahih aBogorbpustaka at-taqwac5.n axi , 262 hal.; 21 cmc21 cm asetiap muslim yakin sepenuhnya bahwa karunia Allah yang terbesar di dunia ini adalah agama islam.maka wajib atas setiap muslim untuk bersyukur kepada ALLah atas nikmat-nya yang telah memberikan hidayah ke dalam islam.